Cụm dộng từ - Giới từ Anh - Việt

Với nhiều hình ảnh minh họa, sách giúp cho độc giả học cách nói và viết tiếng Anh cho gần giống như người bản ngữ.

Tallennettuna:
Bibliografiset tiedot
Päätekijä: Lê, Hồng Lan
Aineistotyyppi: Kirja
Kieli:Undetermined
Julkaistu: Hà Nội Giáo dục 1997
Aiheet:
Tagit: Lisää tagi
Ei tageja, Lisää ensimmäinen tagi!
Thư viện lưu trữ: Trung tâm Học liệu Trường Đại học Cần Thơ
LEADER 00700nam a2200193Ia 4500
001 CTU_149330
008 210402s9999 xx 000 0 und d
082 |a 423.95922 
082 |b L105 
100 |a Lê, Hồng Lan 
245 0 |a Cụm dộng từ - Giới từ Anh - Việt 
245 0 |c Lê Hồng Lan 
260 |a Hà Nội 
260 |b Giáo dục 
260 |c 1997 
520 |a Với nhiều hình ảnh minh họa, sách giúp cho độc giả học cách nói và viết tiếng Anh cho gần giống như người bản ngữ. 
650 |a English language 
904 |i Giang 
980 |a Trung tâm Học liệu Trường Đại học Cần Thơ